Nouvelle flore du Liban et de la Syrie. (Record no. 49832)
[ view plain ]
| 000 -LEADER | |
|---|---|
| fixed length control field | 00829cam a22002651a 4500 |
| 001 - CONTROL NUMBER | |
| control field | ne 67001781 |
| 003 - CONTROL NUMBER IDENTIFIER | |
| control field | DLC |
| 005 - DATE AND TIME OF LATEST TRANSACTION | |
| control field | 20260227111835.0 |
| 008 - FIXED-LENGTH DATA ELEMENTS--GENERAL INFORMATION | |
| fixed length control field | 850508m19669999le b 00100 fre |
| 010 ## - LIBRARY OF CONGRESS CONTROL NUMBER | |
| LC control number | ne 67001781 //r862 |
| 020 ## - INTERNATIONAL STANDARD BOOK NUMBER | |
| International Standard Book Number | 2721458078 (t. 3, texte) |
| 025 ## - OVERSEAS ACQUISITION NUMBER | |
| Overseas acquisition number | PL480:UAR-8361 |
| 040 ## - CATALOGING SOURCE | |
| Original cataloging agency | DLC/ICU |
| Transcribing agency | ICU |
| Modifying agency | DLC |
| 043 ## - GEOGRAPHIC AREA CODE | |
| Geographic area code | a-le--- |
| -- | a-sy--- |
| 050 0# - LIBRARY OF CONGRESS CALL NUMBER | |
| Classification number | QK379 |
| Item number | .M6 |
| 082 0# - DEWEY DECIMAL CLASSIFICATION NUMBER | |
| Classification number | 581.9/5691 |
| 100 10 - MAIN ENTRY--PERSONAL NAME | |
| Personal name | Mouterde, Paul. |
| 245 10 - TITLE STATEMENT | |
| Title | Nouvelle flore du Liban et de la Syrie. |
| 260 0# - PUBLICATION, DISTRIBUTION, ETC. | |
| Place of publication, distribution, etc. | Beyrouth, |
| Name of publisher, distributor, etc. | Editions de l'Impr. catholique, |
| Date of publication, distribution, etc. | 1966-<c1984 > |
| 300 ## - PHYSICAL DESCRIPTION | |
| Extent | v. <1-3 > |
| Dimensions | 25 cm. |
| Extent | and atlas (v. <1, 3 >) 29 cm. |
| 500 ## - GENERAL NOTE | |
| General note | Vol. <3 > has imprint: Beyrouth, Liban : Dar El-Machreq. |
| 504 ## - BIBLIOGRAPHY, ETC. NOTE | |
| Bibliography, etc. note | Includes bibliographies and index. |
| 650 #0 - SUBJECT ADDED ENTRY--TOPICAL TERM | |
| Topical term or geographic name entry element | Botany |
| Geographic subdivision | Lebanon. |
| 650 #0 - SUBJECT ADDED ENTRY--TOPICAL TERM | |
| Topical term or geographic name entry element | Botany |
| Geographic subdivision | Syria. |
No items available.